Pays / Villes emblematique dans les jeux vidéo - Statistiques

Statistiques générales
  • Ce quiz a été pris 30 fois
  • Le résultat moyen est 4 sur 20
Statistiques - réponses
Pays / Ville / Région Jeu vidéo % Correct
Hyrule The Legend of Zelda
78%
Kanto Pokémon
59%
Los Santos GTA V
52%
Hoenn Pokémon
48%
Raccoon City Resident Evil
33%
Tamriel The Elder Scrolls
26%
Hallownest Hollow Knight
22%
Inkopolis Splatoon
19%
Lordran Dark Souls
11%
New Austin Red Dead Redemption
11%
Yharnam Bloodborne
7%
Pandora Borderlands
7%
Midgar Final Fantasy VII
7%
Spira Final Fantasy X
4%
Columbia Bioshock Infinite
0%
Sanctuary Diablo III
0%
Dunwall Dishonored
0%
Thedas Dragon Age
0%
Albion Fable
0%
City 17 Half-Life 2
0%
Aucun quiz correspondant
Distribution des résultats
% des personnes avec chaque résultat
Percentile par nombre de réponses
Votre historique - résultats
Vous n’avez pas pris ce quiz